| 000 -LEADER |
| fixed length control field |
02301cas a2200601 a 4500 |
| 001 - CONTROL NUMBER |
| control field |
16223751 |
| 003 - CONTROL NUMBER IDENTIFIER |
| control field |
NUST |
| 005 - DATE AND TIME OF LATEST TRANSACTION |
| control field |
20191120114053.0 |
| 006 - FIXED-LENGTH DATA ELEMENTS--ADDITIONAL MATERIAL CHARACTERISTICS |
| fixed length control field |
m o d |
| 007 - PHYSICAL DESCRIPTION FIXED FIELD--GENERAL INFORMATION |
| fixed length control field |
cr ||||||||||| |
| 008 - FIXED-LENGTH DATA ELEMENTS--GENERAL INFORMATION |
| fixed length control field |
980909c19679999nyubr p o 0 a0eng c |
| 010 ## - LIBRARY OF CONGRESS CONTROL NUMBER |
| LC control number |
2009247615 |
| 016 7# - NATIONAL BIBLIOGRAPHIC AGENCY CONTROL NUMBER |
| Record control number |
0117250 |
| Source |
DNLM |
| 016 7# - NATIONAL BIBLIOGRAPHIC AGENCY CONTROL NUMBER |
| Record control number |
P55340000 |
| Source |
DNLM |
| 022 0# - INTERNATIONAL STANDARD SERIAL NUMBER |
| International Standard Serial Number |
2169-2254 |
| Incorrect ISSN |
0033-3107 |
| Source |
1 |
| 030 ## - CODEN DESIGNATION |
| CODEN |
PSTOAM |
| 035 ## - SYSTEM CONTROL NUMBER |
| System control number |
(OCoLC)ocm39842099 |
| 038 ## - RECORD CONTENT LICENSOR |
| Staff Name |
nasira |
| 040 ## - CATALOGING SOURCE |
| Original cataloging agency |
FQM |
| Language of cataloging |
eng |
| Transcribing agency |
FQM |
| Modifying agency |
OCLCQ |
| -- |
BUF |
| -- |
CUD |
| -- |
TXJ |
| -- |
OCLCQ |
| -- |
DLC |
| -- |
OCLCQ |
| -- |
COO |
| -- |
OCLCO |
| -- |
VT2 |
| -- |
OCLCQ |
| -- |
OCLCO |
| -- |
OCLCF |
| -- |
OCLCO |
| -- |
OCLCQ |
| -- |
APUMS |
| -- |
UUM |
| -- |
U3W |
| -- |
MOW |
| -- |
WYU |
| -- |
AUD |
| 042 ## - AUTHENTICATION CODE |
| Authentication code |
pcc |
| -- |
nsdp |
| 050 00 - LIBRARY OF CONGRESS CALL NUMBER |
| Classification number |
BF1 |
| Item number |
.P855 |
| 060 00 - NATIONAL LIBRARY OF MEDICINE CALL NUMBER |
| Classification number |
W1 |
| Item number |
PS746W |
| 082 00 - DEWEY DECIMAL CLASSIFICATION NUMBER |
| Classification number |
150 |
| Edition number |
23 |
| 210 0# - ABBREVIATED TITLE |
| Abbreviated title |
Psychol. today |
| Qualifying information |
(Online) |
| 222 #0 - KEY TITLE |
| Key title |
Psychology today |
| Qualifying information |
(Online) |
| 245 00 - TITLE STATEMENT |
| Title |
Psychology today. |
| 260 ## - PUBLICATION, DISTRIBUTION, ETC. |
| Place of publication, distribution, etc. |
[New York] : |
| Name of publisher, distributor, etc. |
[Sussex Publishers] |
| 310 ## - CURRENT PUBLICATION FREQUENCY |
| Current publication frequency |
Bimonthly, |
| Date of current publication frequency |
1992- |
| 321 ## - FORMER PUBLICATION FREQUENCY |
| Former publication frequency |
Monthly, |
| Dates of former publication frequency |
<Mar. 1989-> |
| 321 ## - FORMER PUBLICATION FREQUENCY |
| Former publication frequency |
Monthly (except Feb. and Aug.), |
| Dates of former publication frequency |
19- |
| 336 ## - CONTENT TYPE |
| Content type term |
text |
| Content type code |
txt |
| Source |
rdacontent |
| 337 ## - MEDIA TYPE |
| Media type term |
computer |
| Media type code |
c |
| Source |
rdamedia |
| 338 ## - CARRIER TYPE |
| Carrier type term |
online resource |
| Carrier type code |
cr |
| Source |
rdacarrier |
| 362 1# - DATES OF PUBLICATION AND/OR SEQUENTIAL DESIGNATION |
| Dates of publication and/or sequential designation |
Began with v. 1 (May 1967). |
| 515 ## - NUMBERING PECULIARITIES NOTE |
| Numbering peculiarities note |
Suspended with v. 23, no. 12 (Dec. 1989); resumed with v. 25, no. 1 (Jan./Feb. 1992). |
| 538 ## - SYSTEM DETAILS NOTE |
| System details note |
Mode of access: World Wide Web. |
| 588 ## - SOURCE OF DESCRIPTION NOTE |
| Source of description note |
Description based on print version record. |
| 588 ## - SOURCE OF DESCRIPTION NOTE |
| Source of description note |
Latest issue consulted: Vol. 45 [no.] 4 (Aug. 2012) (Proquest website, viewed August 14, 2012). |
| 650 #0 - SUBJECT ADDED ENTRY--TOPICAL TERM |
| Topical term or geographic name entry element |
Psychology |
| Form subdivision |
Popular works |
| -- |
Periodicals. |
| 9 (RLIN) |
25912 |
| 650 #0 - SUBJECT ADDED ENTRY--TOPICAL TERM |
| Topical term or geographic name entry element |
Social psychology |
| Form subdivision |
Popular works |
| -- |
Periodicals. |
| 9 (RLIN) |
25913 |
| 650 #7 - SUBJECT ADDED ENTRY--TOPICAL TERM |
| Topical term or geographic name entry element |
Psychology. |
| Source of heading or term |
fast |
| Authority record control number or standard number |
(OCoLC)fst01081447 |
| 9 (RLIN) |
3344 |
| 650 #7 - SUBJECT ADDED ENTRY--TOPICAL TERM |
| Topical term or geographic name entry element |
Social psychology. |
| Source of heading or term |
fast |
| Authority record control number or standard number |
(OCoLC)fst01122816 |
| 9 (RLIN) |
25905 |
| 650 #7 - SUBJECT ADDED ENTRY--TOPICAL TERM |
| Topical term or geographic name entry element |
PSICOLOGIA |
| General subdivision |
PUBLICACIONES PERIODICAS. |
| Source of heading or term |
renib |
| 9 (RLIN) |
25914 |
| 650 #2 - SUBJECT ADDED ENTRY--TOPICAL TERM |
| Topical term or geographic name entry element |
Psychology, Social |
| Form subdivision |
Periodicals. |
| 9 (RLIN) |
25915 |
| 650 #2 - SUBJECT ADDED ENTRY--TOPICAL TERM |
| Topical term or geographic name entry element |
Psychology |
| Form subdivision |
Periodicals. |
| 9 (RLIN) |
25916 |
| 655 #7 - INDEX TERM--GENRE/FORM |
| Genre/form data or focus term |
Periodicals. |
| Source of term |
fast |
| Authority record control number |
(OCoLC)fst01411641 |
| 9 (RLIN) |
25909 |
| 655 #7 - INDEX TERM--GENRE/FORM |
| Genre/form data or focus term |
Popular works. |
| Source of term |
fast |
| Authority record control number |
(OCoLC)fst01423846 |
| 9 (RLIN) |
25910 |
| 655 #0 - INDEX TERM--GENRE/FORM |
| Genre/form data or focus term |
Electronic journals. |
| 9 (RLIN) |
13048 |
| 776 08 - ADDITIONAL PHYSICAL FORM ENTRY |
| Relationship information |
Print version: |
| Title |
Psychology today |
| International Standard Serial Number |
0033-3107 |
| Record control number |
(DLC)sf 77000088 |
| -- |
(OCoLC)1081160 |
| 780 05 - PRECEDING ENTRY |
| Title |
Careers today |
| 906 ## - LOCAL DATA ELEMENT F, LDF (RLIN) |
| a |
7 |
| b |
ibc |
| c |
serasst |
| d |
2 |
| e |
ncip |
| f |
20 |
| g |
n-oclcserc |
| 942 ## - ADDED ENTRY ELEMENTS (KOHA) |
| Source of classification or shelving scheme |
|
| Koha item type |
Continuing Resources |
| Serial record |
1 |